Art of Advocacy & Cross Examination: (Record no. 613327)
[ view plain ]
| 000 -LEADER | |
|---|---|
| fixed length control field | 00423nam a22001337a 4500 |
| 082 ## - DEWEY DECIMAL CLASSIFICATION NUMBER | |
| Classification number | 347.995491 |
| Author Mark | BAL |
| 100 ## - MAIN ENTRY--PERSONAL NAME | |
| Personal name | Bali, Mehram Ali |
| 245 ## - TITLE STATEMENT | |
| Title | Art of Advocacy & Cross Examination: |
| Remainder of title | (Civil, Criminal and Revenue) / |
| Statement of responsibility, etc. | Mehram Ali Bali |
| 260 ## - PUBLICATION, DISTRIBUTION, ETC. | |
| Place of publication, distribution, etc. | Lahore : |
| Name of publisher, distributor, etc. | Imran Law Book House, |
| Date of publication, distribution, etc. | 2024. |
| 300 ## - PHYSICAL DESCRIPTION | |
| Extent | 594 p. |
| 563 ## - BINDING INFORMATION | |
| Binding note | HB. |
| 650 ## - SUBJECT ADDED ENTRY--TOPICAL TERM | |
| Topical term or geographic name entry element | Law, Art of Advocacy and Cross Examination |
| 942 ## - ADDED ENTRY ELEMENTS (KOHA) | |
| Source of classification or shelving scheme | |
| Koha item type | Book |
| 650 ## - SUBJECT ADDED ENTRY--TOPICAL TERM | |
| -- | 128316 |
| Withdrawn status | Lost status | Source of classification or shelving scheme | Damaged status | Not for loan | Permanent Location | Current Location | Date acquired | Total Checkouts | Full call number | Barcode | Date last seen | Price effective from | Koha item type |
|---|---|---|---|---|---|---|---|---|---|---|---|---|---|
| NUST Law School (NLS) | NUST Law School (NLS) | 03/14/2025 | 347.995491 BAL | NLS-1402 | 03/14/2025 | 03/14/2025 | Book | ||||||
| NUST Law School (NLS) | NUST Law School (NLS) | 06/28/2025 | 347.995491 BAL | NLS-2728 | 06/28/2025 | 06/28/2025 | Book | ||||||
| NUST Law School (NLS) | NUST Law School (NLS) | 06/28/2025 | 347.995491 BAL | NLS-2729 | 06/28/2025 | 06/28/2025 | Book | ||||||
| NUST Law School (NLS) | NUST Law School (NLS) | 06/28/2025 | 347.995491 BAL | NLS-2730 | 06/28/2025 | 06/28/2025 | Book |
